L'automobile

সংরক্ষণ করুন:
গ্রন্থ-পঞ্জীর বিবরন
প্রধান লেখক: Tufarelli, Nicola
বিন্যাস: গ্রন্থ
ভাষা:Undetermined
প্রকাশিত: Grammont Robert Laffont 1976
বিষয়গুলি:
ট্যাগগুলো: ট্যাগ যুক্ত করুন
কোনো ট্যাগ নেই, প্রথমজন হিসাবে ট্যাগ করুন!
Thư viện lưu trữ: Trung tâm Học liệu Trường Đại học Cần Thơ
LEADER 00488nam a2200193Ia 4500
001 CTU_84457
008 210402s9999 xx 000 0 und d
082 |a 629.22 
082 |b T914 
100 |a Tufarelli, Nicola 
245 0 |a L'automobile 
245 0 |c Nicola Tufarelli 
260 |a Grammont 
260 |b Robert Laffont 
260 |c 1976 
650 |a Automobiles 
650 |x Periodicals 
904 |i Qhieu(sửa) 
980 |a Trung tâm Học liệu Trường Đại học Cần Thơ